|
|
|
|
| LEADER |
00000nam0a2200000 4500 |
| 001 |
76960 |
| 005 |
20231101212915.0 |
| 010 |
|
|
|a 5972900041
|
| 035 |
|
|
|a (RuTPU)RU\TPU\book\82527
|
| 090 |
|
|
|a 76960
|
| 100 |
|
|
|a 20050510d2006 km y0rusy50 ca
|
| 101 |
0 |
|
|a rus
|
| 102 |
|
|
|a RU
|
| 105 |
|
|
|a a gj 001zy
|
| 200 |
1 |
|
|a Справочник инженера по наладке, совершенствованию технологии и эксплуатации электрических станций и сетей. Централизованное и автономное электроснабжение объектов, цехов, промыслов, предприятий и промышленных комплексов
|e учебно-практическое пособие
|f А. Н. Назарычев, Д. А. Андреев, А. И. Таджибаев
|
| 210 |
|
|
|a Москва
|c Инфра-Инженерия
|d 2006
|
| 215 |
|
|
|a 928 с.
|c ил.
|
| 320 |
|
|
|a Библиогр.: с. 913-919.
|
| 606 |
1 |
|
|a Электрические станции
|x Ремонт
|2 stltpush
|3 (RuTPU)RU\TPU\subj\27640
|9 51363
|
| 606 |
1 |
|
|a Электрические сети
|x Ремонт и обслуживание
|y Нормирование труда
|2 stltpush
|3 (RuTPU)RU\TPU\subj\65839
|9 82191
|
| 610 |
1 |
|
|a энергетика
|
| 610 |
1 |
|
|a Россия
|
| 610 |
1 |
|
|a централизованное электроснабжение
|
| 610 |
1 |
|
|a автономные источники
|
| 610 |
1 |
|
|a электрооборудование
|
| 610 |
1 |
|
|a монтаж
|
| 610 |
1 |
|
|a наладка
|
| 610 |
1 |
|
|a взрывоопасные зоны
|
| 610 |
1 |
|
|a техническое обслуживание
|
| 610 |
1 |
|
|a оценка
|
| 610 |
1 |
|
|a управление
|
| 610 |
1 |
|
|a эксплуатация
|
| 610 |
1 |
|
|a охрана труда
|
| 610 |
1 |
|
|a безопасность
|
| 610 |
1 |
|
|a справочники
|
| 610 |
1 |
|
|a учебные пособия
|
| 675 |
|
|
|a 621.311.2.004(035)
|v 3
|
| 675 |
|
|
|a 621.311.1.004(035)
|v 3
|
| 701 |
|
1 |
|a Назарычев
|b А. Н.
|g Александр Николаевич
|
| 701 |
|
1 |
|a Андреев
|b Д. А.
|g Дмитрий Александрович
|
| 701 |
|
1 |
|a Таджибаев
|b А. И.
|g Алексей Ибрагимович
|
| 801 |
|
1 |
|a RU
|b 63413507
|c 20050510
|g PSBO
|
| 801 |
|
2 |
|a RU
|b 63413507
|c 20151112
|g PSBO
|
| 900 |
|
|
|a Монтаж, наладка, эксплуатация и ремонт систем электроснабжения промышленных предприятий
|
| 900 |
|
|
|a Основы расчета и проектирования электроснабжения
|
| 900 |
|
|
|a Электроснабжение промышленных предприятий
|
| 900 |
|
|
|a Эксплуатация электроэнергетических систем и сетей
|
| 900 |
|
|
|a Проектирование электроэнергетических систем и сетей
|
| 942 |
|
|
|c BK
|
| 959 |
|
|
|a 50/20050504
|d 3
|e 250
|f НФ:3
|
| 959 |
|
|
|a 108/20130816
|d 3
|f УФ:3
|